00700nam a2200241 a 4500001001300000003000900013005001700022008004100039020000800080082001500088100002200103245006300125260003200188300000800220500003500228505001000263650002200273700002200295902000800317942000700325952011100332999001500443nice12345678IN_TiNIC20260116011526.0050524s1961 lona grp 000 0 eng  ac000a269.2bMIL aMiller, W Mcelwee aTelling the Good Newsb Studies in the Work of Evangelism. aLondon bNo Publisherc1961 a13p aincludes index and biblioraphy2 aIndex aEvangelistic Work1 aMiller, W Mcelwee bSRS cBK 001040708StackRoom-aHMIbHMId2005-05-24g0.00l0o269.2 MILp02066r2005-05-24v0.00w2005-05-24yBK c2317d2317